Hướng dẫn thực hành tín dụng và thẩm định tín dụng ngân hàng thương mại : (Dành cho sinh viên chuyên ngành: Tài chính, Ngân hàng, Chứng khoán)

Sách gồm 10 chương trình bày những vấn đề cơ bản về hoạt động tín dụng của ngân hàng thương mại, nghiệp vụ cho vay khách hàng doanh nghiệp, phân tích tín dụng và quyết định cho vay ...

Saved in:
Bibliographic Details
Main Author: Nguyễn, Minh Kiều
Format: Book
Language:Undetermined
Published: Hà Nội Thống kê 2008
Subjects:
Tags: Add Tag
No Tags, Be the first to tag this record!
Institutions: Trung tâm Học liệu Trường Đại học Cần Thơ
LEADER 01106nam a2200217Ia 4500
001 CTU_150189
008 210402s9999 xx 000 0 und d
020 |c 108500 
082 |a 332.7 
082 |b K309 
100 |a Nguyễn, Minh Kiều 
245 0 |a Hướng dẫn thực hành tín dụng và thẩm định tín dụng ngân hàng thương mại : 
245 0 |b (Dành cho sinh viên chuyên ngành: Tài chính, Ngân hàng, Chứng khoán) 
245 0 |c Nguyễn Minh Kiều 
260 |a Hà Nội 
260 |b Thống kê 
260 |c 2008 
520 |a Sách gồm 10 chương trình bày những vấn đề cơ bản về hoạt động tín dụng của ngân hàng thương mại, nghiệp vụ cho vay khách hàng doanh nghiệp, phân tích tín dụng và quyết định cho vay ... 
650 |a Commercial banks,Ngân hàng thương mại,Banks and banking,Ngân hàng và nghiệp vụ ngân hàng 
904 |i Trọng Hải 
980 |a Trung tâm Học liệu Trường Đại học Cần Thơ